Safety in the use of radiofrequency dielectric heaters and sealers

Detalles Bibliográficos
Formato: eBook
Lenguaje:inglés
Publicado: Geneva : International Labour Organization, represented by the International Labour Office (ILO), 1998
Materias:
Acceso en línea:http://www.vlex.com/source/11307

MARC

LEADER 00000nam a22000007a 4500
005 20130613141747.0
007 cr|||| ||||
008 130613e1998 sz |||||s|||| 00||0 eng d
020 |a 92-2-110333-1 
035 |a 11307 
040 |a vLex 
090 |c 4336  |d 4336 
245 0 0 |a Safety in the use of radiofrequency dielectric heaters and sealers  |h [Recurso electrn̤ico]  
256 |a Servicio en ln̕ea 
260 |a Geneva :  |b International Labour Organization, represented by the International Labour Office (ILO),   |c 1998 
300 |a 1 Recurso electrn̤ico 
506 |a Contenido solo disponible en los productos indicados  |d vLex Global   |d vLex Global (Academic Edition, excluding Law Schools)  |d vLex Global (U.S. Academic Edition, Law Schools)  |d vLex Global (U.S. Academic Edition, excluding Law Schools)  |d vLex Global (Academic Edition, Law Schools) 
650 4 |a Derecho laboral y Seguridad Social 
650 4 |a Contaminacin̤ electromagnťica 
650 4 |a Seguridad y salud laboral 
740 |a vLex Libros (Servicio en ln̕ea) 
856 |a Acceso restringido  |u http://www.vlex.com/source/11307 
942 |c BOOK 
999 0 |a Labor laws and legislation